Παιδαγωγική του σχολείου : θέματα κοινωνιολογίας του σχολείου και γενικής διδακτικής

Αποθηκεύτηκε σε:
Λεπτομέρειες βιβλιογραφικής εγγραφής
Κύριος συγγραφέας: Ξωχέλλης, Παναγιώτης Δ., 1936-
Μορφή: Βιβλίο
Γλώσσα:Greek
Δημοσίευση: Θεσσαλονίκη : Κυριακίδης, 1986.
Έκδοση:3η εκδ. βελτιωμ.
Σειρά:Παιδαγωγική και εκπαίδευση ; v.15
Θέματα:
Ετικέτες: Προσθήκη ετικέτας
Δεν υπάρχουν, Καταχωρήστε ετικέτα πρώτοι!

MARC

LEADER 00000cam a2200000 i 4500
001 1/20721
008 960710s1986 gr | ||| |||| ||gre||
035 |a 1986  |c Αγορά  |l 10036107 
040 |a GR-MY-UA  |b gre  |e aacr 
041 0 |a gre 
082 7 |a 370.19   |2 (22) 
100 1 |a Ξωχέλλης, Παναγιώτης Δ.,   |d 1936- . 
245 1 0 |a Παιδαγωγική του σχολείου :   |b θέματα κοινωνιολογίας του σχολείου και γενικής διδακτικής /   |c Παναγιώτης Δ. Ξωχέλλης.  
250 |a 3η εκδ. βελτιωμ.  
260 |a Θεσσαλονίκη :   |b Κυριακίδης,   |c 1986.  
300 |a 100 σ. ;   |c 20 εκ.  
490 1 |a (Παιδαγωγική και εκπαίδευση ;   |v  vol.15) 
650 0 0 |a Educational sociology. 
650 0 0 |a Teaching. 
650 0 0 |a School management and organization. 
650 0 0 |a Education. 
830 0 |a Παιδαγωγική και εκπαίδευση ;  |v  v.15 
852 |a INST  |b RHODES  |e 19960710  |h 370.19 ΞΩΧ  |p 005400007849  |q 005400007849  |t BK  |y 0 
909 |a Ρ  |b 003347 
970 |z 1996/07